00819 2200253 4500001002100000005001700021008004100038020002200079035002400101040001200125082001800137084002200155245015300177250001100330260003100341300003200372504002600404650003700430700003000467700002100497700001300518850001200531990002200543INLIS00000000002628420170421102356.0  a978-979-21-4710-0 0010-031700000000394 aYOPDYOG 223a372.65428 aDEP 372.65428 Ran aRANGKUMAN dan pengayaan bahasa Inggris kelas I SD semester 2c/Damianas Ambar Irdhiawati...[et.al] ; editor, Maria Agustina S ; ilustrator, Hernawan aCet. 1 aYogyakartabKanisiusc2016 a109 hlm.b: ilus.c; 25 cm. aBibliogarfi : hlm.109 aPendidiikan dasar Bahasa Inggris aDamianas Ambar Irdhiawati aMaria Agustina S aHernawan aYOPDYOG aCB-D.11/2016-1813